| 000 | 00902cab a2200253 4500 | ||
|---|---|---|---|
| 001 | ABS52142 | ||
| 008 | 090401t1995 xxu||||| |||| 00| 0 eng d | ||
| 035 | _a(Sirsi) u63236 | ||
| 041 | _aeng | ||
| 100 | _aWard, C. | ||
| 245 | _aReducing the risks of letting | ||
| 260 | _c1995 | ||
| 350 | _a0 | ||
| 490 |
_aValuer (ISVA) _v64(1) January/February 1995, 4-5(2) |
||
| 520 | _aDiscusses how to reduce the risks of letting property especially from unlawful subtenants and how to evict such tenants once established. Refers to case law. | ||
| 650 | _aHOUSING ACT 1988 S27 | ||
| 650 | _aMONMOUTH BC V MARLOG | ||
| 650 | _aMOORE PROPERTIES (ILFORD) LTD V MCKEAN AND OTHERS | ||
| 650 | _aPROTECTION FROM EVICTION ACT 1977 | ||
| 650 | _aUNLAWFUL SUBTENANTS | ||
| 690 | _aPROPERTY-RESIDENTIAL PROPERTY-RESIDENTIAL LANDLORD AND TENANT-RESIDENTIAL TENANCIES | ||
| 942 | _n0 | ||
| 948 | _c04/03/1997 | ||
| 999 |
_c39321 _d39321 |
||